000 00634nam a2200229Ia 4500
003 OSt
005 20220925221322.0
006 a|||||r|||| 00| 0
007 ta
008 220923b |||||||| |||| 00| 0 eng d
037 _cGeneral Book
040 _aRTL
_cRTL
_beng
041 _2eng
_aeng
082 _aXz7, L0
100 _aBrown C V Ed.
_9277098
245 0 _aEconomic principles applied
_b A selection of readings
260 _aLondon
_bMartin Robertson
_c1970
300 _a191P
_ccm.
700 _a Wilson T.
942 _hXz7, L0
_cGB
_2CC
999 _c573951
_d573951